000 00348 a2200109 4500
001 ART_7653
005 20260410161637.0
008 260409a
245 1 0 _aOferta pública y fideicomisos financieros. Nuevas opiniones de la AFIP
100 1 _aCalcagno, Gabriel A
773 0 _tConsultor tributario
_g- Nº 7 (sep. 2007)
_wREV474
999 _c13013
_d13013